[Event "Oberliga Wuerttemberg 2324"]
[Site "Wuerttemberg"]
[Date "2023.10.15"]
[Round "2.6"]
[White "Bauer, Peter"]
[Black "Wunder, Fabian"]
[Result "1-0"]
[WhiteElo "2182"]
[BlackElo "2062"]
[PlyCount "119"]
[EventDate "2023.09.17"]
[EventType "team-tourn"]
[EventRounds "9"]
[EventCountry "GER"]
[SourceTitle "EXT 2025"]
[Source "ChessBase"]
[SourceDate "2024.10.14"]
[SourceVersion "1"]
[SourceVersionDate "2024.10.14"]
[SourceQuality "1"]
[WhiteTeam "Boeblingen"]
[BlackTeam "Biberach"]
[WhiteTeamCountry "GER"]
[BlackTeamCountry "GER"]

1. e4 e5 2. Nf3 Nc6 3. d3 g6 4. g3 Bg7 5. Bg2 Nge7 6. 0-0 0-0 7. c3 d5 8. exd5 Nxd5 9. Qb3 Nb6 10. Qc2 Bf5 11. Rd1 a5 12. Qe2 Re8 13. Ng5 Qd7 14. Ne4 Rad8 15. Bg5 Bxe4 16. Bxe4 f6 17. Be3 Nd5 18. Na3 Nxe3 19. Qxe3 f5 20. Bf3 Qe6 21. Nb5 Rd7 22. Bg2 Ne7 23. Na3 Nd5 24. Qe2 Kh8 25. Nc4 a4 26. Re1 Rde7 27. Qc2 Qd7 28. a3 b5 29. Nd2 Nb6 30. Rad1 c6 31. Nf3 Qc7 32. Nd2 Rd8 33. Nf3 Rde8 34. Re2 Nd7 35. Rde1 Nb6 36. h4 h5 37. Qd2 Nd7 38. Ng5 Nf8 39. Qe3 Nh7 40. Nh3 Nf6 41. Qc5 e4 42. dxe4 Re5 43. Qb4 Nd5 44. exd5 Rxe2 45. Rxe2 Rxe2 46. dxc6 Re5 47. Nf4 Kh7 48. Nd3 Qe7 49. Nxe5 Qxb4 50. axb4 Bxe5 51. Bf1 Kg7 52. Bxb5 Kf7 53. Bxa4 Ke7 54. Kg2 f4 55. Kf3 fxg3 56. fxg3 Kd6 57. Bc2 g5 58. hxg5 Kxc6 59. g6 Kd5 60. Bb3+ 1-0

[Event "Oberliga Wuerttemberg 1819"]
[Site "Wuerttemberg"]
[Date "2019.02.17"]
[Round "7"]
[White "Bauer, Peter"]
[Black "Steil Antoni, Fiona"]
[Result "1/2-1/2"]
[WhiteElo "2201"]
[BlackElo "2158"]
[PlyCount "107"]
[EventDate "2018.09.23"]
[EventType "team-tourn"]
[EventRounds "9"]
[EventCountry "GER"]
[SourceTitle "EXT 2020"]
[Source "ChessBase"]
[SourceDate "2019.10.17"]
[SourceVersion "1"]
[SourceVersionDate "2019.10.17"]
[SourceQuality "1"]
[WhiteTeam "Boeblingen"]
[BlackTeam "Deizisau II"]
[WhiteTeamCountry "GER"]
[BlackTeamCountry "GER"]

1. e4 e5 2. Nf3 Nc6 3. Bb5 a6 4. Ba4 d6 5. c3 Bd7 6. 0-0 Nge7 7. d4 Ng6 8. Re1 Be7 9. Nbd2 h6 10. Nf1 Bg5 11. Ng3 Bxc1 12. Rxc1 0-0 13. Bc2 Nf4 14. Qd2 Bg4 15. Bd1 Bxf3 16. Bxf3 Qf6 17. Nf5 Kh7 18. g3 Nh3+ 19. Kg2 Ng5 20. Bg4 Ne7 21. h4 Ne6 22. d5 Nd8 23. Rf1 Nxf5 24. Bxf5+ g6 25. Bh3 Kg7 26. c4 Qe7 27. Qc3 b6 28. Rce1 f6 29. h5 g5 30. Bg4 c5 31. Re2 b5 32. Qf3 b4 33. Qf5 Qe8 34. f4 Nb7 35. Ref2 a5 36. Bd1 Rd8 37. Kg1 Rb8 38. Kg2 Rd8 39. Ba4 Qxh5 40. Bc6 Rb8 41. Bxb7 Rxb7 42. fxe5 dxe5 43. Qe6 g4 44. Rh1 Qg5 45. Qc6 Rbf7 46. Qe6 h5 47. Rh4 Rh8 48. Qf5 Qxf5 49. Rxf5 Kg6 50. Kf2 a4 51. Ke3 Ra7 52. Kd3 a3 53. b3 Rah7 54. Ke3 1/2-1/2

[Event "Oberliga Wuerttemberg 1819"]
[Site "Wuerttemberg"]
[Date "2019.02.03"]
[Round "6"]
[White "Bauer, Peter"]
[Black "Klein, Andreas1"]
[Result "1-0"]
[WhiteElo "2201"]
[BlackElo "2057"]
[PlyCount "97"]
[EventDate "2018.09.23"]
[EventType "team-tourn"]
[EventRounds "9"]
[EventCountry "GER"]
[SourceTitle "EXT 2020"]
[Source "ChessBase"]
[SourceDate "2019.10.17"]
[SourceVersion "1"]
[SourceVersionDate "2019.10.17"]
[SourceQuality "1"]
[WhiteTeam "Boeblingen"]
[BlackTeam "Sontheim/Brenz"]
[WhiteTeamCountry "GER"]
[BlackTeamCountry "GER"]

1. e4 e5 2. Nf3 Nc6 3. Bb5 a6 4. Ba4 Nf6 5. d3 b5 6. Bb3 d6 7. Ng5 d5 8. exd5 Nd4 9. c4 Bf5 10. Nc3 Bb4 11. f3 bxc4 12. Bxc4 Nxd5 13. Bd2 c6 14. 0-0 0-0 15. Re1 Bc5 16. Kh1 f6 17. Nge4 Bb6 18. Na4 Bc7 19. a3 Kh8 20. Nac5 a5 21. Na4 Be6 22. Nac5 Bg8 23. Ng3 Qe7 24. Nb3 Ne6 25. Nf5 Qf7 26. Ne3 Rfd8 27. Nc1 Qh5 28. Ng4 Ndf4 29. Bc3 Nxg2 30. Bxe6 Bxe6 31. Kxg2 e4 32. Rxe4 Bd5 33. Ra4 c5 34. Ne2 c4 35. Ng3 Qxg4 36. Rxc4 Qd7 37. Rh4 Be6 38. Qe2 Re8 39. Qc2 Qf7 40. d4 g6 41. Re1 g5 42. Rhe4 g4 43. Qe2 gxf3+ 44. Qxf3 Bd7 45. d5 Ra6 46. Nh5 Rxe4 47. Rxe4 Qg6+ 48. Kh1 Bf5 49. Qxf5 1-0

[Event "Oberliga Wuerttemberg 1819"]
[Site "Wuerttemberg"]
[Date "2018.11.11"]
[Round "3"]
[White "Bauer, Peter"]
[Black "Wunder, Niklas"]
[Result "1/2-1/2"]
[WhiteElo "2201"]
[BlackElo "2101"]
[PlyCount "128"]
[EventDate "2018.09.23"]
[EventType "team-tourn"]
[EventRounds "9"]
[EventCountry "GER"]
[SourceTitle "EXT 2020"]
[Source "ChessBase"]
[SourceDate "2019.10.17"]
[SourceVersion "1"]
[SourceVersionDate "2019.10.17"]
[SourceQuality "1"]
[WhiteTeam "Boeblingen"]
[BlackTeam "Weiler im Allgaeu"]
[WhiteTeamCountry "GER"]
[BlackTeamCountry "GER"]

1. e4 e5 2. Nf3 Nc6 3. g3 Nf6 4. d3 Bc5 5. Bg2 d6 6. 0-0 Nd4 7. Ne1 Bg4 8. Nf3 Qd7 9. Nbd2 h5 10. c3 Nxf3+ 11. Nxf3 h4 12. d4 Bb6 13. Qd3 hxg3 14. fxg3 0-0-0 15. Bg5 exd4 16. cxd4 Qa4 17. b3 Qa5 18. h4 Rde8 19. Nd2 d5 20. a3 dxe4 21. Nxe4 Nxe4 22. Bxe4 f6 23. b4 Qa6 24. b5 Qa4 25. Be3 Rd8 26. Rf4 Be6 27. Bg2 Bc4 28. Qe4 Qxb5 29. Qxb7+ Kd7 30. Re4 Be6 31. d5 Bxd5 32. Rd4 Ke6 33. Bxd5+ Rxd5 34. Re4+ Re5 35. Bxb6 Qxb6+ 36. Qxb6+ axb6 37. Rc4 c5 38. Rb1 Rb8 39. a4 Kd5 40. Rc2 Re3 41. Kf2 Ra3 42. Rb5 Rxa4 43. Rcxc5+ bxc5 44. Rxb8 Ra7 45. Rc8 Kd4 46. h5 c4 47. Rc6 c3 48. Ke2 Ra2+ 49. Kd1 Rh2 50. Rc7 Rxh5 51. Rxg7 Rg5 52. Rd7+ Ke3 53. Rc7 Rxg3 54. Rxc3+ Kf2 55. Rc2+ Kf1 56. Rc5 Rd3+ 57. Kc2 Rf3 58. Kd2 f5 59. Re5 f4 60. Rf5 Rf2+ 61. Kd3 Kg2 62. Ke4 f3 63. Rg5+ Kf1 64. Ke3 Re2+ 1/2-1/2

[Event "BL2-Sued 1718"]
[Site "Germany"]
[Date "2018.02.25"]
[Round "10.6"]
[White "Bauer, Peter"]
[Black "Klundt, Klaus"]
[Result "0-1"]
[WhiteElo "2199"]
[BlackElo "2319"]
[PlyCount "64"]
[EventDate "2017.10.21"]
[EventType "team-tourn"]
[EventRounds "10"]
[EventCountry "GER"]
[SourceTitle "CBM 183 Extra"]
[Source "ChessBase"]
[SourceDate "2018.04.19"]
[SourceVersion "1"]
[SourceVersionDate "2018.04.19"]
[SourceQuality "1"]
[WhiteTeam "Boeblingen"]
[BlackTeam "Heusenstamm"]
[WhiteTeamCountry "GER"]
[BlackTeamCountry "GER"]

1. e4 c5 2. Nf3 e6 3. d4 cxd4 4. Nxd4 Nc6 5. Nc3 Qc7 6. Be3 a6 7. Qf3 Nf6 8. 0-0-0 Be7 9. Be2 0-0 10. g4 b5 11. g5 Ne8 12. Rhg1 Bb7 13. Qh5 b4 14. Na4 Rc8 15. Bd3 Nxd4 16. Bxd4 Bxe4 17. Bxe4 Qf4+ 18. Be3 Qxe4 19. Qe2 d5 20. Rd4 Qf5 21. h4 Nd6 22. Kb1 Nb5 23. Rf4 Qe5 24. Qd3 Rc6 25. Rf3 d4 26. Bf4 Qd5 27. Re1 Rfc8 28. Re5 Qd8 29. Re2 Bd6 30. Bxd6 Qxd6 31. Qe4 Qc7 32. h5 d3 0-1

[Event "BL2-Sued 1718"]
[Site "Germany"]
[Date "2018.02.24"]
[Round "9.6"]
[White "Spitzl, Vinzent"]
[Black "Bauer, Peter"]
[Result "1/2-1/2"]
[WhiteElo "2300"]
[BlackElo "2199"]
[PlyCount "57"]
[EventDate "2017.10.21"]
[EventType "team-tourn"]
[EventRounds "10"]
[EventCountry "GER"]
[SourceTitle "CBM 183 Extra"]
[Source "ChessBase"]
[SourceDate "2018.04.19"]
[SourceVersion "1"]
[SourceVersionDate "2018.04.19"]
[SourceQuality "1"]
[WhiteTeam "Griesheim"]
[BlackTeam "Boeblingen"]
[WhiteTeamCountry "GER"]
[BlackTeamCountry "GER"]

1. e4 e5 2. Nf3 Nc6 3. Bb5 a6 4. Ba4 Nf6 5. 0-0 b5 6. Bb3 Bc5 7. c3 d6 8. a4 Rb8 9. d4 Bb6 10. axb5 axb5 11. Na3 Bg4 12. Nxb5 Bxf3 13. gxf3 Nh5 14. dxe5 dxe5 15. Ba4 Qf6 16. Nd6+ cxd6 17. Bxc6+ Ke7 18. Qe2 Nf4 19. Bxf4 Qxf4 20. Kh1 h5 21. Rg1 g5 22. Rg3 Rh6 23. Rag1 Rg8 24. Rf1 Rf6 25. Qa6 Rb8 26. Qe2 Rg8 27. Qa6 Rb8 28. Qe2 Rg8 29. Qa6 1/2-1/2

[Event "BL2-Sued 1718"]
[Site "Germany"]
[Date "2018.02.04"]
[Round "8.6"]
[White "Fedorchuk, Sergey A"]
[Black "Bauer, Peter"]
[Result "1-0"]
[WhiteElo "2640"]
[BlackElo "2199"]
[PlyCount "67"]
[EventDate "2017.10.21"]
[EventType "team-tourn"]
[EventRounds "10"]
[EventCountry "GER"]
[SourceTitle "CBM 183 Extra"]
[Source "ChessBase"]
[SourceDate "2018.04.19"]
[SourceVersion "1"]
[SourceVersionDate "2018.04.19"]
[SourceQuality "1"]
[WhiteTeam "Viernheim"]
[BlackTeam "Boeblingen"]
[WhiteTeamCountry "GER"]
[BlackTeamCountry "GER"]

1. e4 e5 2. Nf3 Nc6 3. Bb5 a6 4. Ba4 Nf6 5. d3 Bc5 6. c3 b5 7. Bb3 0-0 8. Bg5 h6 9. Bh4 Be7 10. Nbd2 d6 11. Nf1 Be6 12. Ne3 Ng4 13. Bxe7 Nxe3 14. Bxd8 Nxd1 15. Bxc7 Nxb2 16. Ke2 Rac8 17. Bxd6 Rfd8 18. Bxe5 Nxe5 19. Nxe5 Bxb3 20. axb3 Rxc3 21. Rhc1 Rxb3 22. Rcb1 f6 23. Nc6 Rd6 24. Rxa6 Kh7 25. d4 Re6 26. f3 f5 27. e5 Rg6 28. Kf1 Nc4 29. Rxb3 Nd2+ 30. Kf2 Nxb3 31. d5 Nc5 32. Ra5 Nd3+ 33. Ke3 Ne1 34. g3 1-0

[Event "Oberliga Wuerttemberg 1617"]
[Site "Wuerttemberg"]
[Date "2017.02.19"]
[Round "8.5"]
[White "Bauer, Peter"]
[Black "Srba, Milan"]
[Result "1-0"]
[WhiteElo "2202"]
[BlackElo "2217"]
[PlyCount "77"]
[EventDate "2016.09.25"]
[EventType "team-tourn"]
[EventRounds "11"]
[EventCountry "GER"]
[SourceTitle "EXT 2019"]
[Source "ChessBase"]
[SourceDate "2018.10.10"]
[SourceVersion "1"]
[SourceVersionDate "2018.10.10"]
[SourceQuality "1"]
[WhiteTeam "Boeblingen"]
[BlackTeam "Weiler im Allgaeu"]
[WhiteTeamCountry "GER"]
[BlackTeamCountry "GER"]

1. d4 d5 2. Bf4 Nf6 3. e3 c5 4. Nd2 Nc6 5. c3 Bf5 6. Ngf3 Qb6 7. Qb3 c4 8. Qxb6 axb6 9. Be2 h6 10. Ne5 b5 11. Nxc6 bxc6 12. 0-0 e6 13. a3 Nd7 14. f3 g5 15. Bg3 Be7 16. e4 Bg6 17. Bd1 b4 18. Be2 b3 19. Rfe1 Nb6 20. Be5 f6 21. Bg3 Kd7 22. Bf1 Na4 23. Rab1 Bxa3 24. Nxc4 dxc4 25. bxa3 Nxc3 26. Rbc1 Na2 27. Rxc4 Rxa3 28. Rb1 f5 29. Be5 Rha8 30. Bd3 R8a6 31. Rc5 Rb6 32. d5 exd5 33. exd5 cxd5 34. Bb5+ Kd8 35. Bc7+ Ke7 36. Bxb6 f4 37. Re1+ Kf8 38. Rc8+ Kg7 39. Bd4+ 1-0

[Event "BL2-Sued 1213"]
[Site "Germany"]
[Date "2013.04.14"]
[Round "9.8"]
[White "Gabriel, Robert A"]
[Black "Bauer, Peter"]
[Result "1-0"]
[WhiteElo "2164"]
[BlackElo "2259"]
[PlyCount "89"]
[EventDate "2012.10.14"]
[EventType "team-tourn"]
[EventRounds "9"]
[EventCountry "GER"]
[SourceTitle "CBM 154 Extra"]
[Source "ChessBase"]
[SourceDate "2013.06.25"]
[SourceVersion "2"]
[SourceVersionDate "2013.06.25"]
[SourceQuality "1"]
[WhiteTeam "Stuttgart"]
[BlackTeam "Boeblingen"]
[WhiteTeamCountry "GER"]
[BlackTeamCountry "GER"]

1. d4 Nf6 2. c4 e6 3. g3 d5 4. Nf3 Bb4+ 5. Bd2 Bd6 6. Bg2 0-0 7. Nc3 c6 8. cxd5 exd5 9. 0-0 Re8 10. Bg5 h6 11. Bxf6 Qxf6 12. Re1 Bf5 13. Nh4 Bg4 14. Bf3 Bxf3 15. Nxf3 Qf5 16. Kg2 Nd7 17. Qb1 Qxb1 18. Raxb1 Nf6 19. b4 a6 20. a4 Bc7 21. e3 Re6 22. Rec1 Kf8 23. b5 axb5 24. axb5 Ra3 25. bxc6 bxc6 26. Nb5 cxb5 27. Rxc7 Ra2 28. Ne5 Ne4 29. Rxf7+ Kg8 30. Rf5 Rf6 31. Rxf6 gxf6 32. Nd3 Rd2 33. Rb3 Kf7 34. h4 Ke7 35. Kf3 Rxf2+ 36. Nxf2 Nd2+ 37. Kg4 Nxb3 38. Kh5 Nd2 39. Kxh6 Ne4 40. Nd3 Kf7 41. g4 Ng3 42. Nb4 f5 43. g5 Nf1 44. g6+ Kg8 45. Nxd5 1-0

[Event "Oberliga Wuerttemberg 1011"]
[Site "Wuerttemberg"]
[Date "2011.02.13"]
[Round "6"]
[White "Bauer, Peter"]
[Black "Hirneise, Jens"]
[Result "0-1"]
[WhiteElo "2266"]
[BlackElo "2276"]
[PlyCount "80"]
[EventDate "2010.09.26"]
[EventType "team-tourn"]
[EventRounds "9"]
[EventCountry "GER"]
[SourceTitle "EXT 2019"]
[Source "ChessBase"]
[SourceDate "2018.10.10"]
[SourceVersion "1"]
[SourceVersionDate "2018.10.10"]
[SourceQuality "1"]
[WhiteTeam "Boeblingen II"]
[BlackTeam "Deizisau"]
[WhiteTeamCountry "GER"]
[BlackTeamCountry "GER"]

1. d4 Nf6 2. Nf3 g6 3. c4 Bg7 4. Nc3 0-0 5. e4 d6 6. Be2 e5 7. 0-0 Nc6 8. d5 Ne7 9. Ne1 Nd7 10. Nd3 f5 11. f3 c5 12. a3 Nf6 13. b4 b6 14. Bd2 f4 15. g4 h5 16. g5 Nh7 17. h4 Nxg5 18. hxg5 Nxd5 19. Rf2 Nxc3 20. Bxc3 Bh3 21. Rh2 Qxg5+ 22. Kh1 Be6 23. Nf2 Qe7 24. Qg1 Kf7 25. Qg2 Bf6 26. Nd1 Bh4 27. Nf2 Bg3 28. Rg1 g5 29. Nd1 Rh8 30. Be1 Bxh2 31. Qxh2 g4 32. Qh4 g3 33. Qxe7+ Kxe7 34. Nc3 cxb4 35. axb4 a5 36. Nd5+ Bxd5 37. exd5 axb4 38. Bxb4 Ra2 39. Re1 h4 40. Bd3 Kd7 0-1

[Event "Oberliga Wuerttemberg 1011"]
[Site "Wuerttemberg"]
[Date "2010.09.26"]
[Round "1"]
[White "Bauer, Peter"]
[Black "Namyslo, Holger"]
[Result "1/2-1/2"]
[WhiteElo "2266"]
[BlackElo "2269"]
[PlyCount "115"]
[EventDate "2010.09.26"]
[EventType "team-tourn"]
[EventRounds "9"]
[EventCountry "GER"]
[SourceTitle "EXT 2019"]
[Source "ChessBase"]
[SourceDate "2018.10.10"]
[SourceVersion "1"]
[SourceVersionDate "2018.10.10"]
[SourceQuality "1"]
[WhiteTeam "Boeblingen II"]
[BlackTeam "Biberach"]
[WhiteTeamCountry "GER"]
[BlackTeamCountry "GER"]

1. e4 e6 2. d4 d5 3. e5 c5 4. c3 Nc6 5. Nf3 Qb6 6. Be2 Nh6 7. b3 cxd4 8. cxd4 Nf5 9. Bb2 Bb4+ 10. Kf1 Bd7 11. g4 Nh6 12. Rg1 Rc8 13. a3 Be7 14. b4 Na5 15. Nbd2 Nc4 16. Nxc4 dxc4 17. Bc1 Bc6 18. Be3 Bd5 19. Qc1 Qc6 20. Ne1 Ng8 21. g5 b5 22. Ng2 Bd8 23. Nf4 Be4 24. Nh5 Kf8 25. Ng3 Bd5 26. h4 Ne7 27. h5 Bb6 28. g6 hxg6 29. Bg5 Bxd4 30. Bxe7+ Kxe7 31. Qg5+ f6 32. Qxg6 Rcg8 33. Rd1 Bxe5 34. Qc2 f5 35. Nxf5+ exf5 36. Qxf5 Qf6 37. Qxf6+ Bxf6 38. Rxd5 a6 39. Bg4 Rd8 40. Rc5 Bd4 41. Rc6 Rh6 42. Rc7+ Kd6 43. Rf7 Rf6 44. Rxf6+ Bxf6 45. Bd1 Ke5 46. Ke2 Kf4 47. Rg3 Bb2 48. a4 Rd7 49. axb5 axb5 50. Bc2 Bc1 51. Rf3+ Ke5 52. Rf5+ Kd4 53. Rxb5 Kc3 54. Bf5 Re7+ 55. Kf3 Ba3 56. Rb6 Bxb4 57. h6 gxh6 58. Rxh6 1/2-1/2

[Event "Oberliga Wuerttemberg 0708"]
[Site "Wuerttemberg"]
[Date "2007.10.21"]
[Round "2.4"]
[White "Doerflinger, Josef"]
[Black "Bauer, Peter"]
[Result "1-0"]
[WhiteElo "2249"]
[BlackElo "2293"]
[PlyCount "97"]
[EventDate "2007.10.07"]
[EventType "team-tourn"]
[EventRounds "9"]
[EventCountry "GER"]
[SourceTitle "EXT 2018"]
[Source "ChessBase"]
[SourceDate "2017.10.13"]
[SourceVersion "1"]
[SourceVersionDate "2017.10.13"]
[SourceQuality "1"]
[WhiteTeam "Ulm Post"]
[BlackTeam "Boeblingen"]
[WhiteTeamCountry "GER"]
[BlackTeamCountry "GER"]

1. e4 c5 2. Nc3 Nc6 3. f4 g6 4. Bb5 Nd4 5. Nf3 Bg7 6. Nxd4 cxd4 7. Ne2 a6 8. Bc4 e6 9. Bb3 Qh4+ 10. g3 Qh3 11. Ng1 Qg2 12. Qf3 Qxf3 13. Nxf3 Ne7 14. d3 b6 15. Bd2 Bb7 16. 0-0 Nc6 17. Rae1 0-0 18. Re2 b5 19. a4 b4 20. a5 Rfb8 21. Ra1 Bf8 22. Be1 Bc5 23. Nd2 Ne7 24. Bf2 Nc6 25. Nc4 Bc8 26. Ba4 Na7 27. Ne5 d6 28. Nc4 Nb5 29. e5 Bb7 30. Nxd6 Nxd6 31. exd6 Bf3 32. Ree1 Bxd6 33. Bxd4 Bc7 34. Bb3 Rb5 35. Bc4 Rxa5 36. Rxa5 Bxa5 37. Ra1 Bc7 38. Rxa6 Rxa6 39. Bxa6 Bd1 40. c4 Bc2 41. c5 Kf8 42. Bf6 Ba4 43. Kf2 Ke8 44. Ke3 Kd7 45. Kd4 b3 46. Kc4 Ba5 47. Bc3 Bxc3 48. Kxc3 f6 49. d4 1-0

[Event "BL2-Sued 0506"]
[Site "Germany"]
[Date "2005.11.27"]
[Round "3.3"]
[White "Roos, Jean Luc"]
[Black "Bauer, Peter"]
[Result "1-0"]
[WhiteElo "2294"]
[BlackElo "2295"]
[PlyCount "103"]
[EventDate "2005.10.23"]
[EventType "team-tourn"]
[EventRounds "9"]
[EventCountry "GER"]
[SourceTitle "EXT 2007"]
[Source "ChessBase"]
[SourceDate "2006.11.23"]
[SourceVersion "1"]
[SourceVersionDate "2006.11.23"]
[SourceQuality "1"]
[WhiteTeam "Heidelberg Handschuhsheim"]
[BlackTeam "Boeblingen"]
[WhiteTeamCountry "GER"]
[BlackTeamCountry "GER"]

1. c4 Nf6 2. Nf3 g6 3. g3 Bg7 4. Bg2 0-0 5. 0-0 d6 6. d4 Nc6 7. h3 h5 8. Nc3 Bf5 9. d5 Na5 10. Nd4 Bd7 11. Qd3 c5 12. Nc2 a6 13. Rb1 b5 14. b3 Rb8 15. Bd2 Qc7 16. e4 Rb7 17. Ne3 Rfb8 18. Kh2 bxc4 19. bxc4 Rb2 20. Rxb2 Rxb2 21. Bc1 Rb4 22. Ba3 Rb7 23. f4 Rb8 24. Rf2 Be8 25. Bc1 Rb4 26. Ncd1 Nb7 27. Bd2 Rb6 28. Qa3 Nd7 29. Bc3 Bd4 30. Rd2 Bxc3 31. Qxc3 Rb1 32. Qc2 Qb6 33. Nb2 Re1 34. Rd3 Na5 35. Nbd1 Nf6 36. a3 Bd7 37. Qd2 Qb1 38. Qxe1 Qxd3 39. Qxa5 Kg7 40. e5 Ne4 41. Bxe4 Qxe4 42. Qc3 f6 43. Nf2 Qb1 44. exf6+ exf6 45. Ng2 Bf5 46. g4 hxg4 47. hxg4 Bd7 48. g5 Qf5 49. Qxf6+ Qxf6 50. gxf6+ Kxf6 51. Ne4+ Ke7 52. Ne3 1-0

[Event "Bodensee-Cup 10th"]
[Site "Germany"]
[Date "2004.05.??"]
[Round "?"]
[White "Bauer, Peter"]
[Black "Zenklusen, Rico"]
[Result "1-0"]
[WhiteElo "2255"]
[BlackElo "2305"]
[PlyCount "81"]
[EventDate "2004.05.??"]
[EventType "team-tourn"]
[EventRounds "3"]
[EventCountry "GER"]
[SourceTitle "EXT 2007"]
[Source "ChessBase"]
[SourceDate "2006.11.23"]
[SourceVersion "1"]
[SourceVersionDate "2006.11.23"]
[SourceQuality "1"]

1. e4 c6 2. d4 d5 3. Nd2 dxe4 4. Nxe4 Nd7 5. Nf3 Ngf6 6. Nxf6+ Nxf6 7. Bd3 Bg4 8. c3 e6 9. h3 Bh5 10. 0-0 Bd6 11. Re1 Qc7 12. a4 0-0-0 13. a5 Rhe8 14. a6 b6 15. Bd2 Kb8 16. g4 Bg6 17. Bg5 Bxd3 18. Qxd3 h5 19. gxh5 Rh8 20. h6 Rdg8 21. Kf1 Nd5 22. h7 Re8 23. c4 Nb4 24. Qb3 c5 25. Bd2 Rxh7 26. Bxb4 cxb4 27. c5 bxc5 28. Qd3 Reh8 29. dxc5 Qxc5 30. Rac1 Qb6 31. Ng5 Rh5 32. Nxf7 Rd5 33. Qe2 Rf8 34. Qxe6 Qxa6+ 35. Kg2 Rd2 36. Re4 Qb6 37. Rf1 Bc7 38. Qe7 Qg6+ 39. Ng5 Bd6 40. Rxb4+ Bxb4 41. Qxb4+ 1-0

[Event "BL2-Sued 0304"]
[Site "Germany"]
[Date "2004.??.??"]
[Round "?.2"]
[White "Blaskowski, Johannes"]
[Black "Bauer, Peter"]
[Result "1/2-1/2"]
[WhiteElo "2345"]
[BlackElo "2235"]
[PlyCount "124"]
[EventDate "2003.10.??"]
[EventType "team-tourn"]
[EventRounds "9"]
[EventCountry "GER"]
[SourceTitle "CBM 100 Extra"]
[Source "ChessBase"]
[SourceDate "2004.07.06"]
[SourceVersion "2"]
[SourceVersionDate "2004.07.06"]
[SourceQuality "1"]
[WhiteTeam "Pang/Rosenheim"]
[BlackTeam "Boeblingen"]
[WhiteTeamCountry "GER"]
[BlackTeamCountry "GER"]

1. e4 c5 2. Nf3 d6 3. d4 cxd4 4. Nxd4 Nf6 5. Nc3 g6 6. Be3 Bg7 7. f3 Nc6 8. Qd2 0-0 9. Bc4 Bd7 10. 0-0-0 Qa5 11. h4 Rfc8 12. Bb3 Ne5 13. h5 Nxh5 14. Nd5 Qxd2+ 15. Rxd2 Kf8 16. g4 e6 17. gxh5 exd5 18. hxg6 hxg6 19. Bxd5 Nc4 20. Bxc4 Rxc4 21. Ne2 Rac8 22. b3 R4c6 23. Bh6 Bxh6 24. Rxh6 Ke7 25. Kb2 Rc5 26. Nf4 Be6 27. c4 Rg5 28. a4 Rg3 29. Rd3 a6 30. Rh2 Rg5 31. Rhd2 Rc6 32. Ne2 Rg2 33. Kc3 Rc5 34. Kb4 Rh5 35. Nf4 Rxd2 36. Rxd2 Rh4 37. Nxe6 Kxe6 38. c5 dxc5+ 39. Kxc5 Rh3 40. Rd3 g5 41. b4 Ke7 42. Kd4 Rh6 43. Rc3 Kd6 44. Rc5 f6 45. Rf5 Ke6 46. b5 Rh1 47. bxa6 bxa6 48. Ke3 Rd1 49. Kf2 Rd4 50. Ra5 Rd6 51. Kg3 Rc6 52. Kg4 Rd6 53. Rc5 Rb6 54. Kh5 Kf7 55. a5 Re6 56. Kg4 Kg6 57. Kg3 Kh6 58. Rc7 Kg6 59. Ra7 f5 60. Rb7 fxe4 61. Rb6 Kf7 62. fxe4 Rxe4 1/2-1/2

[Event "BL2-Sued 0304"]
[Site "Germany"]
[Date "2004.??.??"]
[Round "?.2"]
[White "Wintzer, Joachim"]
[Black "Bauer, Peter"]
[Result "1/2-1/2"]
[WhiteElo "2355"]
[BlackElo "2235"]
[PlyCount "121"]
[EventDate "2003.10.??"]
[EventType "team-tourn"]
[EventRounds "9"]
[EventCountry "GER"]
[SourceTitle "CBM 100 Extra"]
[Source "ChessBase"]
[SourceDate "2004.07.06"]
[SourceVersion "2"]
[SourceVersionDate "2004.07.06"]
[SourceQuality "1"]
[WhiteTeam "Kirchheim"]
[BlackTeam "Boeblingen"]
[WhiteTeamCountry "GER"]
[BlackTeamCountry "GER"]

1. c4 e5 2. Nc3 Nc6 3. Nf3 Nf6 4. e4 g6 5. d4 exd4 6. Nxd4 Bg7 7. Be3 Ng4 8. Qxg4 Nxd4 9. Qd1 c5 10. Bd3 d6 11. 0-0 0-0 12. Qd2 a6 13. Ne2 Nxe2+ 14. Qxe2 f5 15. exf5 Bxf5 16. Rad1 Qe7 17. Rfe1 Rad8 18. b3 Bc3 19. Bh6 Qxe2 20. Rxe2 Rfe8 21. Rxe8+ Rxe8 22. Bxf5 gxf5 23. Be3 Kf7 24. g4 fxg4 25. Rxd6 Bb4 26. Rh6 b5 27. Rxh7+ Kg6 28. Rh6+ Kf5 29. Bxc5 Bxc5 30. Rh5+ Kf4 31. Rxc5 Kf3 32. Rf5+ Ke4 33. Rg5 Kf4 34. Rg6 bxc4 35. bxc4 a5 36. Rf6+ Kg5 37. Rb6 Kf4 38. c5 Re2 39. a3 Ra2 40. Rb3 Rc2 41. Rb5 Kf3 42. Rb3+ Kf4 43. c6 Rxc6 44. Rb5 a4 45. Kg2 Rc4 46. Rd5 Ke4 47. Rg5 Kf4 48. Ra5 Rd4 49. Rc5 Re4 50. h4 gxh3+ 51. Kxh3 Kf3 52. Rf5+ Ke2 53. Kg3 Re8 54. Rg5 Rb8 55. Re5+ Kd2 56. Re3 Rb3 57. Kf4 Kc2 58. Ke4 Kb2 59. f4 Kxa3 60. f5 Kb2 61. Re2+ 1/2-1/2

[Event "Boeblingen op 20th"]
[Site "Boeblingen"]
[Date "2003.12.30"]
[Round "8"]
[White "Bauer, Peter"]
[Black "Horn, Sven"]
[Result "1-0"]
[WhiteElo "2251"]
[BlackElo "2117"]
[PlyCount "41"]
[EventDate "2003.12.26"]
[EventType "swiss"]
[EventRounds "9"]
[EventCountry "GER"]
[SourceTitle "CBM 097 Extra"]
[Source "ChessBase"]
[SourceDate "2004.01.13"]
[SourceVersion "1"]
[SourceVersionDate "2004.01.13"]
[SourceQuality "1"]

1. e4 e5 2. Nf3 Nf6 3. Nxe5 d6 4. Nf3 Nxe4 5. d4 d5 6. Bd3 Nc6 7. 0-0 Be7 8. c4 Nb4 9. Be2 0-0 10. a3 Nc6 11. Nc3 Nxc3 12. bxc3 Bf5 13. Bd3 Bg4 14. h3 dxc4 15. Bxh7+ Kxh7 16. Qc2+ g6 17. hxg4 Kg7 18. Qe4 Bd6 19. d5 Na5 20. Qd4+ Qf6 21. Bh6+ 1-0